| 000 | 00826nam a2200217Ia 4500 | ||
|---|---|---|---|
| 001 | 5313 | ||
| 003 | GE_BSU | ||
| 008 | 181216s||||||||xx |||||||||||||| ||und|| | ||
| 040 | _cGE_BSU | ||
| 080 | _a517(075.8) | ||
| 100 | _aВласов, А.К. | ||
| 245 | _aКурс высшей математики. Элементы высшей алгебры.Дифференциальное и интегральное исчисления. т.2 | ||
| 245 | _bУчеб. пособ. для вузов. | ||
| 260 | _aМосква | ||
| 260 | _bГостехиздат | ||
| 260 | _c1946 | ||
| 300 | _a530 с. 20 см. | ||
| 653 | _aКурс высшей математики. | ||
| 653 | _aЭлементы высшей алгебры.Дифференциальное и интегральное исчисления. | ||
| 942 | _cBK | ||
| 999 |
_c38898 _d38898 |
||